000 00665nam a22002177a 4500
005 20150722122222.0
008 150722b xxu||||| |||| 00| 0 eng d
040 _aANE
041 _aEs
082 _appet20150722
110 _aEl Telegrafo 20150722
245 _aPolitólogo argentino expuso sobre inequidad en la Asamblea Nacional.
300 _a20150722
650 _aPolitólogo
650 _aAtilio Borón
650 _aexpuso
650 _ainequidad
650 _aAsamblea
856 _uhttp://documentacion.asambleanacional.gob.ec/alfresco/d/d/workspace/SpacesStore/103622c0-5f9a-4b32-8f1d-6683c2c35427/ppet20150722.pdf
942 _2ddc
_cAP
_zpc
999 _c29909
_d29909